An unstoppable force : (Record no. 10996)

MARC details
000 -LEADER
fixed length control field 01095cam a22003014a 4500
001 - CONTROL NUMBER
control field 12397697
003 - CONTROL NUMBER IDENTIFIER
control field GBCCL
005 - DATE AND TIME OF LATEST TRANSACTION
control field 20251107134036.0
008 - FIXED-LENGTH DATA ELEMENTS--GENERAL INFORMATION
fixed length control field 010503s2001 coua 000 0 eng
020 ## - INTERNATIONAL STANDARD BOOK NUMBER
International Standard Book Number 0764423061
020 ## - INTERNATIONAL STANDARD BOOK NUMBER
International Standard Book Number 9780764423062
035 ## - SYSTEM CONTROL NUMBER
System control number 12397697
040 ## - CATALOGING SOURCE
Original cataloging agency DLC
Transcribing agency DLC
Modifying agency DLC
082 00 - DEWEY DECIMAL CLASSIFICATION NUMBER
Classification number 262.0017
Edition information 21
Item number MCM 1
100 1# - MAIN ENTRY--PERSONAL NAME
Personal name McManus, Erwin Raphael.
245 13 - TITLE STATEMENT
Title An unstoppable force :
Remainder of title daring to become the church God had in mind /
Statement of responsibility, etc. by Erwin Raphael McManus.
260 ## - PUBLICATION, DISTRIBUTION, ETC.
Place of publication, distribution, etc. Loveland, Colo. :
Name of publisher, distributor, etc. Group,
Date of publication, distribution, etc. c2001.
300 ## - PHYSICAL DESCRIPTION
Extent 224 p. :
Other physical details col. ill. ;
Dimensions 24 cm.
336 ## - CONTENT TYPE
Content type term text
Content type code txt
Source rdacontent
337 ## - MEDIA TYPE
Media type term unmediated
Media type code n
Source rdamedia
338 ## - CARRIER TYPE
Carrier type term volume
Carrier type code nc
Source rdacarrier
650 #0 - SUBJECT ADDED ENTRY--TOPICAL TERM
Topical term or geographic name entry element Church renewal.
650 #0 - SUBJECT ADDED ENTRY--TOPICAL TERM
Topical term or geographic name entry element Church history
Chronological subdivision Primitive and early church, ca. 30-600.
906 ## - LOCAL DATA ELEMENT F, LDF (RLIN)
a 7
b cbc
c orignew
d 1
e ocip
f 20
g y-gencatlg
942 ## - ADDED ENTRY ELEMENTS (KOHA)
Source of classification or shelving scheme Dewey Decimal Classification
Koha item type Books
Suppress in OPAC No
Holdings
Withdrawn status Lost status Source of classification or shelving scheme Damaged status Not for loan Home library Current Library Shelving location Date acquired Total checkouts Full call number Barcode Date last seen Copy number Price effective from Koha item type
    Dewey Decimal Classification     GRACE BIBLE COLLEGE GRACE BIBLE COLLEGE Ministry & Mission 2025-11-07   262.0017 MCM 017273 2025-11-07 c.1 2025-11-07 Books
© Grace Bible College Library 2025